02156nam a2200373 a 450000100100000000500170001000800410002702000180006804000250008608200160011124500500012725000100017726000630018730000200025049000200027050000560029059000260034660000550037265000280042765000310045571000560048683000270054295201290056995201290069895201140082795201200094195201290106195201150119095201150130595201150142095201150153595201150165099900170176500004790220240412074306.0100118s2016 dr r 000 p spa d a9789945494204 aDO-SdBNPbspacBNPHU aRD861bU75p00aSalomé Ureña :bpoemas de una dominicana. a2 ed. aSanto Domingo :bVicepresidencia de la República,c2016. a37 p. ;c21 cm. aLecturas breves aIncluye datos biográficos de la autora en la p. 2 aInventariado, 2019/VM10aUreña de Henríquez, Salomé ,d1850-18979920 0aPoesía dominicana966 0aLiteratura dominicana.9672 aVicepresidencia de la República Dominicana975464 0aLecturas breves975465 001054708DSaGRbGRcHDd2019-04-10iLF1l0oRD861 U75pp47902-40r2020-06-25te. 4w2020-06-25yLFDSZPréstamo en sala 001054708DSaGRbGRcHDd2019-04-10iLF1l0oRD861 U75pp47902-50r2020-06-25te. 5w2020-06-25yLFDSZPréstamo en sala 0010718PDaPDbPDcHDd2018-10-02iLF1l0oRD861 U75pp47902-10r2020-06-25w2020-06-25yLFPDZNo se presta 0010718PDaPDbPDcHDd2018-10-02iLF1l0oRD861 U75pp47902-20r2020-06-25te. 2w2020-06-25yLFPDZNo se presta 001054708DSaGRbGRcHDd2019-04-10iLF2l0oRD861 U75pp47902-30r2020-06-25te. 3w2020-06-25yLFDSZPréstamo en sala 00107-18PDaPDbPDcOId2018-10-03iLF1l0oRD861 U75pp47903-10r2020-06-25w2020-06-25yLFPDZNo se presta 00107-18PDaPDbPDcOId2018-10-03iLF1l0oRD861 U75pp47904-10r2020-06-25w2020-06-25yLFPDZNo se presta 00107-18PDaPDbPDcOId2018-10-03iLF1l0oRD861 U75pp47905-10r2020-06-25w2020-06-25yLFPDZNo se presta 00107-18PDaPDbPDcOId2018-10-03iLF1l0oRD861 U75pp47906-10r2020-06-25w2020-06-25yLFPDZNo se presta 00107-18PDaPDbPDcOId2018-10-03iLF1l0oRD861 U75pp47907-10r2020-06-25w2020-06-25yLFPDZNo se presta c47390d47390